Normal view
MARC view
Entry Personal Name
001 - CONTROL NUMBER
- control field: 1237733
003 - CONTROL NUMBER IDENTIFIER
- control field: OSt
005 - DATE AND TIME OF LATEST TRANSACTION
- control field: 20260430150521.0
008 - FIXED-LENGTH DATA ELEMENTS
- fixed length control field: 260430|| aca||aabn | a|a d
040 ## - CATALOGING SOURCE
- Original cataloging agency: OSt
- Transcribing agency: OSt
100 ## - HEADING--PERSONAL NAME
- Personal name: Obaidullah Au.; Mohammad Akram Gu
670 ## - SOURCE DATA FOUND
- Source citation: Work cat.: (OSt)1849972: Obaidullah Au.; Mohammad Akram Gu., Abdul Salam al-Ujaili wa masahamtah fi al-adab al-qasasi al-Arbi (Abdul al-Salam al-Ujaili and his contribution to Arabic fiction: an anlytical study), 2023
